Curso de ampliación de matemáticas para técnicos aplicadas a la física y a la química / (Record no. 112000)

MARC details
000 -LEADER
campo de control de longitud fija 00630nam a2200169 4500
001 - NÚMERO DE CONTROL
campo de control 112000
003 - IDENTIFICADOR DE NÚMERO DE CONTROL
campo de control ES-MaACL
005 - FECHA Y HORA DE LA ÚLTIMA TRANSACCIÓN
campo de control 20230906185411.0
007 - CAMPO FIJO DE DESCRIPCIÓN FÍSICA--INFORMACIÓN GENERAL
campo de control de longitud fija t|
008 - DATOS DE LONGITUD FIJA--INFORMACIÓN GENERAL
campo de control de longitud fija 061121s1945 sp r ||||1| spa d
100 1# - ENTRADA PRINCIPAL--NOMBRE DE PERSONA
Nombre de persona Navarro Borrás, Francisco.
9 (RLIN) 85107
245 10 - MENCIÓN DEL TÍTULO
Título Curso de ampliación de matemáticas para técnicos aplicadas a la física y a la química /
Mención de responsabilidad, etc. por Francisco Navarro Borrás y J. A. Marín Tejerizo.
260 ## - PUBLICACIÓN, DISTRIBUCIÓN, ETC.
Lugar de publicación, distribución, etc. Madrid :
Nombre del editor, distribuidor, etc. Sociedad Anónima Española de Traductores y Autores,
Fecha de publicación, distribución, etc. 1945.
300 ## - DESCRIPCIÓN FÍSICA
Extensión 496 p. :
Otras características físicas il ;
Dimensiones 24 cm.
700 1# - ENTRADA AGREGADA--NOMBRE PERSONAL
Nombre de persona Marín Tejerizo, J. A.
9 (RLIN) 76814
852 ## - LOCALIZACIÓN
Ubicación ES-MaACL
Número de control de estantería E-1739
Sublocalización o colección R.22626
Holdings
Estatus retirado Estado de pérdida Estado de daño No para préstamo Biblioteca de origen Biblioteca actual Ubicación en estantería Fecha de adquisición Fuente de adquisición Total de préstamos Signatura topográfica completa Código de barras Visto por última vez Precio de reemplazo Tipo de ítem Koha
        Biblioteca del Ateneo de Madrid Biblioteca del Ateneo de Madrid Depósito 2 17/01/2008     E-1739 1116828 23/02/2023 23/02/2023 Libro impreso